| 000 | nam a22 7a 4500 | ||
|---|---|---|---|
| 999 |
_c127744 _d127744 |
||
| 008 | 180322b xxu||||| |||| 00| 0 eng d | ||
| 050 |
_aBT202 _b.T321 1993 |
||
| 100 |
_aTernant, Paul _940872 |
||
| 245 |
_aLe Christ est mort "pour tous" _bdu serviteur Israel au serviteur Jesus _cPaul Ternant |
||
| 260 |
_aParis _bLes Editions Du Cerf _c1993 |
||
| 300 |
_a234p. ; _c24cm. |
||
| 440 |
_aTheologies _938866 |
||
| 600 |
_aJesus Christ _vPerson _934866 |
||
| 650 |
_aEastern Orthodox Church _xDoctrines _940873 |
||
| 942 |
_2lcc _cMONOGRAPH |
||